Zvieratká

Bibliographic Details
Format: Photo
Language:Slovak
English
PhysicalDescription:[12] s. ilustr. 24 cm 24 magnetických obrázkov
Published: Bratislava Príroda 2008
ISBN:9788007016507 (viaz.)
Edition:[1. vyd.]
Series:Magnetické hry + učenie
Subjects:

MARC

LEADER 00000nkm a2200000 a 4500
001 vtls009291767
003 SK-MaSNL
005 20260301081620.0
007 kf ccb
008 200701s2008 xo a a 000 0 slo
015 |a SNBG2008/02-00938 
020 |a 9788007016507 (viaz.) 
040 |a SNK  |b slo  |c SNK  |e AACR2 
041 1 |a slo  |h eng 
044 |a xo  |c SK 
072 7 |a 821-93  |x Literatúra pre deti a mládež  |2 konspekt 
080 |a 821-93  |2 2001 
130 0 |a Magnetic play + learn animals  |l Slovensky  |9 405178 
245 1 0 |a Zvieratká  |h grafika 
250 |a [1. vyd.] 
260 |a Bratislava  |b Príroda  |c 2008 
300 |a [12] s.  |b ilustr.  |c 24 cm  |e 24 magnetických obrázkov 
490 1 |a Magnetické hry + učenie 
500 |a Kartónové listy s magnetmi uloženými v plastovej schránke 
521 |a Pre deti od 3 rokov 
655 7 |a publikácie pre deti  |2 SNKPH  |9 70148 
655 7 |a knižné hračky  |2 SNKPH  |9 301618 
830 0 |a Magnetické hry + učenie  |9 317323 
919 |a 978-80-07-01650-7 
958 |a GBN 
999 |c 656362  |d 658292 
952 |a SNK  |b SNK  |y PREZ  |7 0  |p 17A0587273  |o snkOSC 24376  |i snk2008/9807  |8 0  |0 0  |1 0  |4 0  |d 2008-05-05  |l 0  |r 2026-02-23 18:37:29  |w 2026-02-23 
952 |a SNK  |b SNK  |y PREZ  |7 0  |p 17A0587274  |o snkOSC 24376 D1  |i snk2008/9809  |8 0  |0 0  |1 0  |4 0  |d 2008-05-05  |l 0  |r 2026-02-23 18:37:29  |w 2026-02-23